00432 a2200121 450000500170000002000180001708200220003510000170005724501030007426000490017730000680022670000160029420250618091335.0 a0-471-15557-8 aLM 530.071173 WIL aRESNICK, R.  aConference on the introductory physics course: On the occasion of the retirement of Robert Resnick aNew York, bJohn Wiley & Sons, Inc., c1997. avi, 347p.: ill.; chart, figure, graph, picture, table. c28cm.  aWILSON, J.